Largest Cities and Towns of VIRGINIA by First Letter - Statistics

General Stats
  • This quiz has been taken 187 times
  • The average score is 11 of 23
Answer Stats
Letter Population CITY/TOWN % Correct
R 228,783 Richmond
95%
V 450,189 Virginia Beach
94%
N 244,076 Norfolk
93%
A 160,530 Alexandria
90%
H 134,3133 Hampton
76%
C 242,634 Chesapeake
73%
L 82,126 Lynchburg
63%
P 94,632 Portsmouth
60%
S 91,185 Suffolk
59%
M 41,641 Manassas
54%
B 44,678 Blacksburg
51%
D 40,693 Danville
51%
F 29,144 Fredericksburg
50%
W 28,108 Winchester
43%
G 6,423 Galax
25%
E 5,121 Emporia
24%
Q 524 Quantico
23%
O 5,049 Orange
15%
T 4,194 Tazewell
8%
J 940 Jonesville
3%
I 901 Independence
2%
K 1,418 Kilmarnock
1%
U 467 Urbanna
1%
No matching quizzes found
Score Distribution
Percent of People with Each Score
Percentile by Number Answered
Your Score History
You have not taken this quiz